Statistics for TOP 10 Countries in: Oil Importing

Click here to take the quiz!

General Stats

  • This quiz has been taken 306 times
  • The average score is 8 of 10

Answer Stats

Import BBL/DayRankCountry% Correct
4,754,3492China
99%
8,527,7341USA
95%
1,298,1348France
93%
1,876,8376Germany
93%
3,572,8453India
90%
3,457,3864Japan
89%
1,591,3517Italy
81%
2,549,7365South Korea
69%
1,202,7499Netherlands
38%
1,202,74910Singapore
19%

Score Distribution

Percentile by Number Answered

Percent of People with Each Score

Your Score History

You have not taken this quiz